00282nam a2200097Ia 4500008004100000020001800041245004500059250001700104260004400121300001900165180305s9999 xx 000 0 und d a9781603590631 aCurrent Procedural Terminology CPT 2009/ aStandard ed. aUSAbAmerican Medical Associationc2009 avii, 715 Pages